[Event "Asian Zone 3.3"]
[Site "Tagaytay City PHI"]
[Date "2013.01.27"]
[Round "7.1"]
[White "Antonio,R"]
[Black "Nguyen Ngoc Truong Son"]
[Result "1/2-1/2"]
[WhiteElo "2541"]
[BlackElo "2631"]

1.e4 e6 2.d4 d5 3.Nc3 Nf6 4.e5 Nfd7 5.f4 c5 6.Nf3 Nc6 7.Be3 Be7 8.Qd2 O-O
9.dxc5 Bxc5 10.Nd4 Bxd4 11.Bxd4 Nxd4 12.Qxd4 f6 13.exf6 Qxf6 14.Qxf6 Nxf6
15.Be2 Bd7 16.O-O-O Bc6 17.Rhe1 Rae8 18.Bf3 g6 19.g3 Kg7 20.Re2 h6 21.Rde1 Kf7
22.h4 Rg8 23.Rf2 Ke7 24.Ne2 g5 25.hxg5 hxg5 26.Nd4 Kd6 27.Rfe2 Bd7 28.b3 gxf4
29.gxf4 Rh8 30.c4 dxc4 31.bxc4 Kc7 32.Nxe6+ Bxe6 33.Rxe6 Rxe6 34.Rxe6 Rf8
35.Re7+ Kd8 36.Re3 Kc7 37.Re7+ Kd8  1/2-1/2

[Event "18th HIT Open A 2013"]
[Site "Nova Gorica SLO"]
[Date "2013.01.29"]
[Round "7.1"]
[White "Korneev,O"]
[Black "Tratar,M"]
[Result "1/2-1/2"]
[WhiteElo "2610"]
[BlackElo "2517"]

1.e4 e6 2.d4 d5 3.Nc3 Nf6 4.e5 Nfd7 5.f4 c5 6.Nf3 Nc6 7.Be3 cxd4 8.Nxd4 Bc5
9.Qd2 Bxd4 10.Bxd4 Nxd4 11.Qxd4 Qb6 12.Nb5 Qxd4 13.Nxd4 Ke7 14.Bd3 Nb8 15.Kd2 Bd7
16.h4 Nc6 17.c3 Nxd4 18.cxd4 h5 19.Rac1 Rac8 20.Rc5 b6 21.Rxc8 Rxc8 22.Ba6 Rc7
23.Rh3 Ba4 24.b3 Be8 25.Rg3 g6 26.a4 Bd7 27.Rc3 Kd8 28.Rxc7 Kxc7 29.Ke3 Kd8
30.Kf3 Ke7 31.g4 hxg4+ 32.Kxg4 f6 33.Bb5 Bc8 34.Bd3 Kf7 35.h5 gxh5+ 36.Kxh5 Kg7
37.Bb5 a5 38.Kg4 Kg6 39.Be8+ Kg7 40.Bc6 Kf7 41.Bb5 Kg6 42.Bd3+ f5+ 43.Kh4 Bd7
44.Be2 Kh6 45.Kg3 Be8 46.Kh4 Bd7 47.Bf1 Be8 48.Bd3 Bc6 49.Be2  1/2-1/2

[Event "6th Gora Sw Anny OpA"]
[Site "Gora Swietej Anny POL"]
[Date "2013.01.31"]
[Round "7.5"]
[White "Pietruszewski,M"]
[Black "Licznerski,L"]
[Result "0-1"]
[WhiteElo "2096"]
[BlackElo "2321"]

1.e4 e6 2.d4 d5 3.Nc3 Nf6 4.e5 Nfd7 5.f4 c5 6.Nf3 Nc6 7.Be3 cxd4 8.Nxd4 Qb6
9.Qd2 Qxb2 10.Rb1 Qa3 11.Bb5 Nxd4 12.Bxd4 Bb4 13.O-O O-O 14.Rb3 Qa5 15.Rfb1 Bc5
16.Bxd7 Bxd7 17.Rxb7 Bc6 18.R7b2 Rac8 19.Qe3 Bxd4 20.Qxd4 Ba8 21.Nb5 Rc4
22.Qf2 Ra4 23.c3 Bc6 24.Nd6 Qxc3 25.Rc2 Qd3 26.Rbc1 Be8 27.Rc8 Bd7 28.R8c7 Bb5
29.Rxa7 Rxa7 30.Qxa7 d4 31.Qc5 Qe3+ 32.Kh1 Be2 33.a4 Qxf4 34.Ra1 d3 35.Nc4 d2
36.Ne3 f6 37.exf6 Qxf6 38.Rg1 Qf2 39.h3 d1=R  0-1

[Event "Asian Zonal 3.2 2013"]
[Site "Thulhiriya City PHI"]
[Date "2013.02.03"]
[Round "2.3"]
[White "Amarasinghe,A"]
[Black "Murshed,N"]
[Result "0-1"]
[WhiteElo "1868"]
[BlackElo "2488"]

1.e4 e6 2.d4 d5 3.Nc3 Nf6 4.e5 Nfd7 5.f4 c5 6.Nf3 Nc6 7.Be3 Be7 8.Qd2 O-O
9.O-O-O c4 10.h4 b5 11.Ne2 b4 12.c3 Rb8 13.Qc2 f5 14.exf6 Nxf6 15.Ne5 Qb6
16.Rh3 Qa6 17.Qb1 Ne4 18.Bg1 Nxe5 19.fxe5 Bd7 20.cxb4 Bxb4 21.Rf3 Ba4 22.Be3 Ba3
23.Re1 Qa5 24.Rxf8+ Rxf8  0-1

[Event "ch-HUN U20 2013"]
[Site "Budapest HUN"]
[Date "2013.02.05"]
[Round "3.3"]
[White "Szajbely,Z"]
[Black "Horvath,Dav"]
[Result "0-1"]
[WhiteElo "2229"]
[BlackElo "2397"]

1.e4 e6 2.d4 d5 3.Nc3 Nf6 4.e5 Nfd7 5.f4 c5 6.Nf3 Nc6 7.Be3 Be7 8.Qd2 O-O
9.O-O-O c4 10.g4 b5 11.Ne2 b4 12.Kb1 c3 13.Qe1 cxb2 14.f5 Nb6 15.Ng3 Na4
16.Bd2 Qa5 17.Bd3 Nc3+ 18.Bxc3 bxc3 19.Ne2 Nb4 20.Nxc3 exf5 21.gxf5 Nxd3
22.Rxd3 Bxf5 23.Re3 Rac8 24.Ng1 Bg5 25.Rg3 Bh4 26.Nge2 Bxg3 27.Qxg3 Rc6 28.Qf4 Bg6
29.Qf3 Qa3 30.Rg1 Rfc8 31.Rg3 Bxc2+ 32.Kxc2 Qxa2 33.Kd3 b1=Q+  0-1

[Event "ch-TUR 2013"]
[Site "Antalya TUR"]
[Date "2013.02.08"]
[Round "10.23"]
[White "Menzi,N"]
[Black "Demircioglu,E"]
[Result "0-1"]
[WhiteElo "1872"]
[BlackElo "2101"]

1.e4 e6 2.d4 d5 3.Nc3 Nf6 4.e5 Nfd7 5.f4 c5 6.Nf3 Nc6 7.Be3 a6 8.Qd2 b5 9.dxc5 Bxc5
10.O-O-O Qb6 11.Nd4 Bb7 12.Be2 Rc8 13.Rhe1 O-O 14.Bg4 Na5 15.Nb3 Nc4 16.Bxc5 Nxc5
17.Qd4 b4 18.Ne2 Rc6 19.Nxc5 Rxc5 20.Kb1 Bc8 21.Nc1 Qc7 22.Nb3 Rb5 23.Qd3 Rb6
24.Nd4 a5 25.f5 a4 26.f6 a3 27.fxg7 Re8 28.b3 Nb2 29.Qe3 Nxd1 30.Rxd1 Ba6
31.Ne2 Bxe2 32.Bxe2 Rc8 33.Bd3 Qc3 34.Qc1 Qxe5 35.Re1 Qd4 36.Re3 f5 37.g4 Qxg4
38.Be2 Qd4 39.Rg3 Rbc6 40.Bh5 R6c7 41.Rd3  0-1

[Event "35th Georgi Tringov Open"]
[Site "Plovdiv BUL"]
[Date "2013.02.08"]
[Round "7.20"]
[White "Badev,K"]
[Black "Tsakiris,H"]
[Result "1-0"]
[WhiteElo "2394"]
[BlackElo "2154"]

1.e4 e6 2.d4 d5 3.Nc3 Nf6 4.e5 Nfd7 5.f4 c5 6.Nf3 Nc6 7.Be3 Be7 8.Qd2 O-O
9.h4 f6 10.exf6 Nxf6 11.dxc5 Qa5 12.O-O-O Bxc5 13.Bxc5 Qxc5 14.Bd3 Nb4 15.Kb1 Nxd3
16.cxd3 Bd7 17.Rhe1 b5 18.Rc1 Qd6 19.Ne5 Rac8 20.g3 Qb6 21.Ne2 b4 22.Rxc8 Rxc8
23.Rc1 Rxc1+ 24.Nxc1 Qc5 25.g4 Ba4 26.g5 Nd7 27.d4 Qb6 28.Nf3 a5 29.h5 Qc7
30.h6 Bb5 31.hxg7 Kxg7 32.Qe3 Kf7 33.Nb3 a4 34.Nc5 Nxc5 35.Ne5+ Kg7 36.dxc5 b3
37.Qc3 Kg8 38.Qb4 Bc4 39.axb3 axb3 40.Qb6 Qc8 41.Kc1 Kf8 42.Qa7 Ke8 43.Qf7+ Kd8
44.Qf8+ Kc7 45.Qd6+ Kb7 46.Qb6+ Ka8 47.Nc6  1-0

[Event "ch-CUB Men Final 2013"]
[Site "Santa Clara CUB"]
[Date "2013.02.15"]
[Round "9.5"]
[White "Quesada Perez,Yu"]
[Black "Hernandez Carmenates,Hold"]
[Result "1-0"]
[WhiteElo "2596"]
[BlackElo "2541"]

1.e4 e6 2.d4 d5 3.Nc3 Nf6 4.e5 Nfd7 5.f4 c5 6.Nf3 Nc6 7.Be3 Be7 8.Qd2 b6
9.Nd1 O-O 10.Bd3 f5 11.exf6 Nxf6 12.Nf2 c4 13.Be2 Qc7 14.O-O Bd7 15.Ne5 Rad8
16.Bf3 Be8 17.c3 Nxe5 18.fxe5 Nd7 19.Bg4 Qc6 20.Nh3 Bg6 21.Bg5 Rde8 22.Rxf8+ Nxf8
23.Rf1 Bd3 24.Rf2 Ng6 25.a3 b5 26.Bxe7 Rxe7 27.Nf4 Be4 28.h4 Qd7 29.Nxe6 Rxe6
30.h5 Nh8 31.h6 Nf7 32.hxg7 Qe7 33.Bxe6 Qxe6 34.Qf4 a5 35.Qf6 Qxf6 36.Rxf6 Kxg7
37.Rb6 b4 38.cxb4 axb4 39.axb4 Kf8 40.b5 Ke8 41.Rb8+  1-0

[Event "TCh-NED Meesterklasse 2012-13"]
[Site "Netherland NED"]
[Date "2013.02.16"]
[Round "6.8"]
[White "Zwirs,Nico"]
[Black "Wempe,Jo"]
[Result "1-0"]
[WhiteElo "2201"]
[BlackElo "2280"]

1.e4 e6 2.d4 d5 3.Nc3 Nf6 4.e5 Nfd7 5.f4 c5 6.Nf3 Nc6 7.Be3 Be7 8.Qd2 O-O
9.dxc5 Bxc5 10.Nd4 Nxd4 11.Bxd4 Bxd4 12.Qxd4 f6 13.exf6 Qxf6 14.Qxf6 Nxf6
15.g3 e5 16.fxe5 Re8 17.O-O-O Rxe5 18.Bg2 Bg4 19.Bxd5+ Nxd5 20.Rxd5 Rxd5
21.Nxd5 Re8 22.Nf4 g5 23.Nd3 Re2 24.h4 Rg2 25.hxg5 Rxg3 26.Re1 Bf3 27.Re3 Rg1+
28.Kd2 Rg2+ 29.Kc3 Bd1 30.Re7 Rxc2+ 31.Kd4 Bf3 32.Ne5 Re2 33.Re8+ Kg7 34.Kc5 Rc2+
35.Kd6 Rd2+ 36.Kc7 Rc2+ 37.Kb8 Re2 38.Kxa7 Bh5 39.Re7+ Kf8 40.g6 h6 41.Rf7+ Kg8
42.Rf5 Rh2 43.a4 Bd1 44.Rf7 Rg2 45.a5 Rxg6 46.Rxb7 Rg5 47.Rb5 Be2 48.Rc5 h5
49.a6 Rg3 50.b4 Ra3 51.Nc4 Ra4 52.b5 h4 53.b6 Bf3 54.Rg5+ Kh7 55.Rf5 Bc6
56.Rh5+ Kg7 57.Na5 Bf3 58.b7  1-0

[Event "e2e4 Brighton Masters 2013"]
[Site "Brighton ENG"]
[Date "2013.02.17"]
[Round "2"]
[White "Eggleston,D"]
[Black "Seymour,T"]
[Result "1-0"]
[WhiteElo "2343"]
[BlackElo "2112"]

1.e4 e6 2.d4 d5 3.Nc3 Nf6 4.e5 Nfd7 5.f4 c5 6.Nf3 Nc6 7.Be3 Be7 8.dxc5 Bxc5
9.Qd2 O-O 10.O-O-O Qa5 11.Bxc5 Nxc5 12.Kb1 Bd7 13.Qf2 Rfd8 14.Bd3 Be8 15.a3 Rac8
16.g4 Nxd3 17.Rxd3 b5 18.Na2 b4 19.axb4 Nxb4 20.Ra3 Qb5 21.Nd4 Qc5 22.Nxb4 Qxb4
23.c3 Qb6 24.f5 Bd7 25.f6 gxf6 26.exf6 Qd6 27.Qe3 Kh8 28.Nf3 Qf8 29.Ne5 Rc7
30.g5 Rb7 31.Ra2 Rdb8 32.Qd4 Bb5 33.Rxa7 Be2 34.Rxb7 Rxb7 35.Re1 Bh5 36.Re3 Qb8
37.Qd2 Ra7 38.c4 Qxe5 39.Rxe5 Bg6+ 40.Qc2 Bxc2+ 41.Kxc2 dxc4 42.Rc5 h6 43.h4 Kh7
44.Rxc4 hxg5 45.hxg5 Kg6 46.Rc5 Ra4 47.Kc3 Re4 48.b4 e5 49.b5 Kxg5 50.b6 Re3+
51.Kc2 Re2+ 52.Kb1 Re1+ 53.Kb2 Re2+ 54.Kb3 Re3+ 55.Ka4 Re4+ 56.Ka5 Re1 57.b7 Ra1+
58.Kb6 Rb1+ 59.Rb5  1-0

[Event "ch-ROU w 2013"]
[Site "Baile Olanesti ROU"]
[Date "2013.02.19"]
[Round "4.10"]
[White "Gelip,I"]
[Black "Coman,Emilia-Florentina"]
[Result "1-0"]
[WhiteElo "2017"]
[BlackElo "1542"]

1.e4 e6 2.d4 d5 3.Nc3 Nf6 4.e5 Nfd7 5.f4 c5 6.Nf3 Nc6 7.Be3 cxd4 8.Nxd4 Nxd4
9.Bxd4 Be7 10.Qd2 Nb6 11.O-O-O Bd7 12.f5 exf5 13.Bxb6 axb6 14.Qxd5 Qc7 15.Nb5 Qc8
16.Nd6+ Bxd6 17.Qxd6 Rxa2 18.Kb1 Ra5 19.Bc4 Rf8 20.b4 Ra8 21.Rhe1 b5 22.e6 fxe6
23.Bxe6 Bxe6 24.Rxe6+ Kf7 25.Re7+ Kg8 26.Qd5+ Kh8 27.Qe5 Rg8 28.Rc7 Qf8 29.Qxb5 Qf6
30.c3 Ra3 31.Qc4 f4 32.Kb2 Ra7 33.Rc8 Ra8 34.Qxg8+  1-0

[Event "ch-ROU 2013"]
[Site "Baile Olanesti ROU"]
[Date "2013.02.19"]
[Round "5.36"]
[White "Andreescu,Darie-Ioan"]
[Black "Samu,S"]
[Result "0-1"]
[WhiteElo "1893"]
[BlackElo "2078"]

1.e4 e6 2.d4 d5 3.Nc3 Nf6 4.e5 Nfd7 5.f4 c5 6.Nf3 Nc6 7.Be3 Qb6 8.Na4 Qa5+
9.c3 c4 10.b4 Nxb4 11.cxb4 Bxb4+ 12.Kf2 b5 13.Nb2 Ba3 14.Qc2 f6 15.Be2 O-O
16.Rhf1 Qb6 17.Kg1 a5 18.Rab1 Qc6 19.g4 Kh8 20.Nh4 Be7 21.Rf3 Kg8 22.Bd3 f5
23.Bxf5 exf5 24.Nxf5 Qe6 25.Nxe7+ Qxe7 26.Rh3 g6 27.f5 Ra6 28.e6 Nf6 29.Bh6 Re8
30.Bg5 Qg7 31.Bh6 Qa7 32.Rd1 Bxe6 33.fxe6 Raxe6 34.Qd2 Re2 35.Qf4 Qe7 36.Rd2 Rxd2
37.Qxd2 Qe1+ 38.Qxe1 Rxe1+ 39.Kf2 Rb1 40.Rf3 Nxg4+ 41.Kg3 Nxh6 42.Rf2 Nf5+
43.Kf3 Re1 44.Kg2 Nxd4  0-1

[Event "20th Bunratty Classic"]
[Site "Bunratty IRL"]
[Date "2013.03.01"]
[Round "5.5"]
[White "Astaneh Lopez,A"]
[Black "Daly,C"]
[Result "1/2-1/2"]
[WhiteElo "2416"]
[BlackElo "2340"]

1.e4 e6 2.d4 d5 3.Nc3 Nf6 4.e5 Nfd7 5.f4 c5 6.Nf3 Nc6 7.Be3 cxd4 8.Nxd4 Bc5
9.Qd2 a6 10.O-O-O O-O 11.h4 Nxd4 12.Bxd4 b5 13.h5 b4 14.Ne2 a5 15.Kb1 Ba6
16.f5 Bxe2 17.Bxe2 Bxd4 18.Qxd4 Qc7 19.h6 g6 20.fxe6 fxe6 21.Bg4 Rae8 22.Rhe1 Qc5
23.Qd2 Qf2 24.Re2 Qf4 25.Bxe6+ Rxe6 26.Qxd5 Qf7 27.Rf2 Qe7 28.Rxf8+ Nxf8
29.b3 Qc7 30.Re1 Qd7 31.Qxa5 Qd2 32.Rf1 Qxg2 33.Qb5 Rc6 34.Qd3 Ne6 35.Rc1 Qf2
36.Qd5 Qc5 37.Qd7 g5 38.Rf1 Qxc2+ 39.Ka1 Qc3+  1/2-1/2

[Event "20th Bunratty Classic"]
[Site "Bunratty IRL"]
[Date "2013.03.03"]
[Round "9.3"]
[White "Collins,S IRL"]
[Black "Daly,C"]
[Result "1/2-1/2"]
[WhiteElo "2482"]
[BlackElo "2340"]

1.e4 e6 2.d4 d5 3.Nc3 Nf6 4.e5 Nfd7 5.f4 c5 6.Nf3 Nc6 7.Be3 cxd4 8.Nxd4 Bc5
9.Qd2 a6 10.O-O-O O-O 11.Qf2 Bxd4 12.Bxd4 b5 13.Be3 Qa5 14.Kb1 b4 15.Ne2 Bb7
16.Nd4 Rfc8 17.Bd3 Nc5 18.Nxc6 Rxc6 19.Bxc5 Qxc5 20.Qh4 g6 21.g4 a5 22.f5 Ba6
23.Bxa6 Rcxa6 24.f6 Qf8 25.Rd3 Rc6 26.Rh3 h6 27.Rc1 Rac8 28.Qg3 Rc4 29.Rh4 Qc5
30.Qd3 Qd4 31.Qxd4 Rxd4 32.Rxh6 Rxg4 33.a3 Rcc4 34.axb4 axb4 35.b3 Rc3 36.Kb2 Rc8
37.Rh3 Re4 38.c3 Rxe5 39.cxb4 Re2+ 40.Kb1 Rxc1+ 41.Kxc1 Rf2 42.b5 Rxf6 43.Kc2 e5
44.Kc3 Rf4 45.Rd3 d4+ 46.Kc4 Rf6 47.Kc5 Rf5 48.Kc6 Rf6+ 49.Kd5 Rb6 50.Kc5 Rb8
51.b6 Kf8 52.Kc6 Rc8+ 53.Kd7 Rc5 54.b7 Rb5 55.Kc7 Ke7 56.b8=Q Rxb8 57.Kxb8 Kd6
58.h4 Kd5 59.Rf3 f5 60.Rg3 e4 61.Rxg6 e3 62.h5 e2 63.Rg1 d3 64.h6 d2 65.h7 e1=Q
66.h8=Q Qxg1 67.Qd8+ Ke4 68.Qxd2 Qb6+ 69.Ka8 Qa6+ 70.Kb8 Qb5+ 71.Ka7 Qxb3
72.Qg2+ Qf3 73.Qc2+ Ke3 74.Qc3+ Kf2 75.Qd2+ Kf1 76.Qc1+ Kg2 77.Qg5+ Qg4 78.Qd2+ Kg3
79.Qe3+ Qf3 80.Qg5+ Kh3 81.Qh6+ Kg2 82.Qg5+ Qg4 83.Qd2+ Kf3 84.Qd3+ Kf4 85.Qd6+ Ke3
86.Qa3+ Ke4 87.Qb4+ Kd3 88.Qb3+ Ke2 89.Qc2+ Kf1 90.Qd3+ Kf2 91.Qd2+ Qe2 92.Qf4+ Qf3
93.Qd2+ Kg1 94.Qg5+ Kh1 95.Qh6+ Kg2 96.Qg5+ Kh3 97.Qh6+ Kg4 98.Qg6+ Kf4 99.Qd6+ Kg5
100.Qe7+ Kg4 101.Qg7+ Kf4 102.Qh6+ Ke4 103.Qc6+ Ke3 104.Qc5+ Kf4 105.Qd6+ Kg4
106.Qg6+ Kh3 107.Qh6+ Kg2  1/2-1/2

[Event "TCh-HUN 2012-13"]
[Site "Decs HUN"]
[Date "2013.03.03"]
[Round "8"]
[White "Bagi,M"]
[Black "Sedlak,N"]
[Result "0-1"]
[WhiteElo "2334"]
[BlackElo "2538"]

1.e4 e6 2.d4 d5 3.Nc3 Nf6 4.e5 Nfd7 5.f4 c5 6.Nf3 Nc6 7.Be3 Be7 8.a3 Qb6
9.Na4 Qa5+ 10.Nc3 Qb6 11.Na4 Qa5+ 12.Nc3 cxd4 13.Nxd4 O-O 14.Be2 Nxd4 15.Bxd4 Nb8
16.O-O Nc6 17.b4 Qd8 18.Bb5 a5 19.Bxc6 bxc6 20.Rb1 axb4 21.axb4 Rb8 22.Na2 Ba6
23.Rf2 Bc4 24.c3 Qc7 25.Rfb2 f6 26.Qg4 f5 27.Qd1 Rb5 28.Nc1 Rfb8 29.Nb3 Bxb3
30.Rxb3 Qb7 31.Be3 c5 32.Ra3 d4 33.cxd4 Rxb4 34.Rxb4 cxb4 35.Rb3 Ra8 36.Qc2 Ra1+
37.Kf2 Bh4+ 38.g3 Rh1  0-1

[Event "TCh-SVK Extraliga 2012-13"]
[Site "Slovakia SVK"]
[Date "2013.03.03"]
[Round "11.4"]
[White "Pagerka,M"]
[Black "Dobrotka,M"]
[Result "1/2-1/2"]
[WhiteElo "2261"]
[BlackElo "2235"]

1.e4 e6 2.d4 d5 3.Nc3 Nf6 4.e5 Nfd7 5.f4 c5 6.Nf3 Nc6 7.Be3 cxd4 8.Nxd4 Bc5
9.Qd2 O-O 10.O-O-O Nxd4 11.Bxd4 Bxd4 12.Qxd4 f6 13.Nxd5 fxe5 14.fxe5 Qg5+
15.Ne3 Qxe5 16.Bc4 Kh8 17.Rhf1 Qxd4 18.Rxd4 Rxf1+ 19.Nxf1 e5 20.Rd6 g6 21.Re6 Nb6
22.Re8+ Kg7 23.Bb3 Bd7 24.Rxe5 Re8 25.Rxe8 Bxe8 26.Ne3 Bc6 27.Kd2 Kf6 28.c3 Ke5
29.Bd1 h5 30.b3 Nd7 31.Nc4+ Kf4 32.g3+ Kg5 33.h4+ Kf6 34.Ke3 Nc5 35.Nd2 Ne6
36.Bf3 Kf5 37.Ne4 Ke5 38.Nf2 Bxf3 39.Kxf3 Nc5 40.g4 b5 41.gxh5 gxh5 42.Ke3 Ne6
43.c4 bxc4 44.bxc4 Kf5 45.a3 a5 46.Ne4 Kg4 47.c5 Kxh4 48.Kf3 Kh3 49.a4 Kh2
50.Kf2 Kh3 51.c6 Kg4  1/2-1/2

[Event "TCh-HUN 2012-13"]
[Site "Szombathely HUN"]
[Date "2013.03.03"]
[Round "8"]
[White "Meszaros,Mi"]
[Black "Horvath,Dav"]
[Result "1/2-1/2"]
[WhiteElo "2412"]
[BlackElo "2386"]

1.e4 e6 2.d4 d5 3.Nc3 Nf6 4.e5 Nfd7 5.f4 c5 6.Nf3 Nc6 7.Be3 Be7 8.Qd2 O-O
9.g3 a6 10.Bg2 Qc7 11.O-O b5 12.Ne2 cxd4 13.Nfxd4 Bb7 14.g4 Nc5 15.g5 Ne4
16.Qe1 Bc5 17.Kh1 Rae8 18.Qh4 Nxd4 19.Bxd4 Bxd4 20.Nxd4 Qe7 21.Rf3 f5 22.Rh3 g6
23.Nxe6 Rf7 24.Nd4 Qb4 25.Nb3 Qc4 26.Rc1 d4 27.Rd3 Rd8 28.a3 Rc7 29.Qe1 Ba8
30.Kg1 Kg7 31.Qd1 Rcd7 32.c3 Bd5 33.Nxd4 Nc5 34.Rd2 Bxg2 35.Rxg2 Nd3 36.b3 Qc5
37.Qxd3 Rxd4 38.cxd4 Qxc1+ 39.Qf1 Qe3+ 40.Qf2 Qc1+ 41.Qf1 Qe3+ 42.Qf2 Qxb3
43.Qc2 Qxc2 44.Rxc2 Rxd4 45.Rc7+ Kg8 46.Rc8+ Kf7 47.Rc7+ Kf8 48.Rc8+ Ke7
49.Rc7+ Ke6 50.Rc6+ Kd7 51.Rxa6 Rxf4 52.Ra7+ Ke6 53.Rxh7 b4 54.axb4 Rxb4
55.Rh6 Kxe5 56.Rxg6 Kf4 57.Ra6 Kxg5  1/2-1/2

[Event "47th Begonia Open"]
[Site "Ballarat AUS"]
[Date "2013.03.09"]
[Round "3"]
[White "Zelesco,Karl"]
[Black "Crowley,Regan"]
[Result "1-0"]
[WhiteElo "2148"]
[BlackElo "1485"]

1.e4 e6 2.d4 d5 3.Nc3 Nf6 4.e5 Nfd7 5.f4 c5 6.Nf3 Nc6 7.Be3 b6 8.Be2 f6 9.O-O Be7
10.Nb1 O-O 11.c3 Re8 12.Bd3 a5 13.Qc2 f5 14.g4 g6 15.Qe2 cxd4 16.Nxd4 Nxd4
17.cxd4 Nb8 18.Nc3 Na6 19.a3 Nc7 20.Nb5 Bd7 21.Rac1 Nxb5 22.Bxb5 Bxb5 23.Qxb5 fxg4
24.Rc6 Qd7 25.Rfc1 Rab8 26.Bd2 Kf7 27.Qe2 h5 28.Rc7 Qa4 29.Be3 Kf8 30.Qd3 Kf7
31.Bf2 Red8 32.Rxe7+ Kxe7 33.Qxg6 Qe8 34.Qg7+ Qf7 35.Rc7+ Rd7 36.Rxd7+ Kxd7
37.Qxf7+  1-0

[Event "TCh-NED Meesterklasse 2012-13"]
[Site "Netherland NED"]
[Date "2013.03.09"]
[Round "7.9"]
[White "Van Kerkhof,D"]
[Black "Kuijf,R"]
[Result "1/2-1/2"]
[WhiteElo "2287"]
[BlackElo "2401"]

1.e4 e6 2.d4 d5 3.Nc3 Nf6 4.e5 Nfd7 5.f4 c5 6.Nf3 Nc6 7.Be3 a6 8.Qd2 cxd4
9.Nxd4 Bc5 10.O-O-O O-O 11.Qf2 Bxd4 12.Bxd4 b5 13.Be3 b4 14.Na4 a5 15.h4 Ba6
16.Bxa6 Rxa6 17.h5 Qc7 18.g4 Rc8 19.Rh2 Na7 20.h6 g6 21.Bxa7 Rxa7 22.Kb1 Ra6
23.Qh4 Rc6 24.Rc1 Rc4 25.Rf2 Re4 26.b3 Qd8 27.Qxd8+ Rxd8 28.g5 Rc8 29.Kb2 d4
30.Rd1 Kf8 31.a3 Ke7 32.axb4 axb4 33.Rdd2 Rc3 34.Rd3 Nc5 35.Nxc5 Rxc5 36.Rd1 Ra5
37.Rfd2 Rd5 38.Rf2 Ra5 39.Rfd2 Rd5  1/2-1/2

[Event "47th Begonia Open"]
[Site "Ballarat AUS"]
[Date "2013.03.10"]
[Round "4"]
[White "Chan,Luis"]
[Black "Grabovac,Marko"]
[Result "0-1"]
[WhiteElo "1588"]
[BlackElo "1596"]

1.e4 e6 2.d4 d5 3.Nc3 Nf6 4.e5 Nfd7 5.f4 c5 6.Nf3 Nc6 7.Be3 cxd4 8.Nxd4 Bc5
9.Nxc6 bxc6 10.Bxc5 Nxc5 11.Qg4 O-O 12.b4 f5 13.Qf3 Ne4 14.Nxe4 fxe4 15.Qe3 Qb6
16.Qxb6 axb6 17.g3 Ba6 18.Bh3 Kf7 19.f5 exf5 20.Bxf5 Bc8 21.Bxh7 Bh3 22.e6+ Kxe6
23.Bg6 Rh8 24.g4 Bxg4 25.h4 Rh6 26.h5 Rah8 27.Kd2 Bxh5 28.Bxh5 Rxh5 29.Rhg1 g5
30.a4 d4 31.a5 Rh2+ 32.Kc1 Rh1 33.Kb2 Rxg1 34.Rxg1 bxa5 35.bxa5 Kf5 36.Rd1 Ra8
37.Rxd4 Rxa5 38.Rd6 e3 39.Rd1 e2 40.Re1 Re5 41.Kc1 Kf4 42.Kd2 Kf3 43.c4 c5
44.Kd3 Kf2 45.Kd2 Re3  0-1

[Event "47th Begonia Open"]
[Site "Ballarat AUS"]
[Date "2013.03.11"]
[Round "7"]
[White "Tan,Ju2"]
[Black "Zelesco,Karl"]
[Result "0-1"]
[WhiteElo "2269"]
[BlackElo "2148"]

1.e4 e6 2.d4 d5 3.Nc3 Nf6 4.e5 Nfd7 5.f4 c5 6.Nf3 Nc6 7.Be3 Be7 8.a3 O-O
9.Bd3 f5 10.O-O a6 11.Kh1 g5 12.fxg5 cxd4 13.Bxd4 Nxd4 14.Nxd4 Nxe5 15.Qe2 Bd6
16.h4 Qb6 17.Nf3 Ng6 18.Qf2 Qxf2 19.Rxf2 Bg3 20.Rff1 Nxh4 21.Ne2 Nxf3 22.gxf3 Be5
23.c3 f4 24.Rf2 b5 25.Rh2 Ra7 26.Rh4 Bd6 27.Rg1 Rg7 28.Rh6 Bc5 29.Rd1 Be7
30.g6 hxg6 31.Rxg6 Rxg6 32.Bxg6 Kg7 33.Bc2 Bc5 34.Kg2 Be3 35.Rh1 Rh8 36.Rxh8 Kxh8
37.a4 e5 38.axb5 axb5 39.Bg6 Bd7 40.Bf7 Bc6 41.Be6 Kg7 42.Bg4 Kf6 43.Bc8 Ke7
44.Bf5 Kd6 45.Bb1 Kc5 46.Ba2 Bd7 47.Bb1 Kc4 48.Bc2 Bc6 49.Kh3 Bd7+ 50.Kh2 Be8
51.Kg2 Bh5 52.b3+ Kc5 53.Bd1 b4 54.cxb4+ Kxb4 55.Bc2 e4 56.Ng1 Bxg1 57.fxe4 Bb6
58.exd5 Be2 59.Be4 Kxb3 60.d6 Bg4 61.Bc6 Kc4 62.Bf3 Bd7 63.Be4 Be3 64.Bf3 Kc5
65.Kh1 Kxd6 66.Kh2 Bc6 67.Bg4 Ke5 68.Be2 Kd4 69.Bg4 Kc3 70.Bh5 Kd2 71.Bg4 Ke1
72.Bh5 f3 73.Bxf3 Bxf3 74.Kg3 Be4 75.Kg4 Kf2 76.Kh4 Kf3 77.Kh5 Bd3 78.Kh4 Bg6
79.Kh3 Bf2 80.Kh2 Bf5 81.Kh1 Be6 82.Kh2 Be1 83.Kg1 Bh3 84.Kh2 Bf1 85.Kg1 Bc4
86.Kh2 Bf2 87.Kh3 Be6+ 88.Kh2 Bh4 89.Kg1 Bg4 90.Kh2 Kf2 91.Kh1 Bf6  0-1

[Event "ch-CRO w 2013"]
[Site "Rijeka CRO"]
[Date "2013.03.14"]
[Round "7"]
[White "Deur,Z"]
[Black "Medic,Mir"]
[Result "0-1"]
[WhiteElo "2134"]
[BlackElo "2184"]

1.e4 e6 2.d4 d5 3.Nc3 Nf6 4.e5 Nfd7 5.f4 c5 6.Nf3 Nc6 7.Be3 cxd4 8.Nxd4 Bc5
9.Qd2 O-O 10.O-O-O a6 11.Nb3 Bxe3 12.Qxe3 b5 13.h4 b4 14.Na4 Rb8 15.Rh3 Qc7
16.Be2 a5 17.g4 Nb6 18.Nxb6 Rxb6 19.Kb1 Ba6 20.h5 Bxe2 21.Qxe2 a4 22.Nd4 Nxd4
23.Rxd4 Rc8 24.Qd2 Rc6 25.Rxb4 f6 26.c3 fxe5 27.fxe5 a3 28.Qd4 axb2 29.Kxb2 Rf8
30.Qe3 h6 31.Rf3 Rxf3 32.Qxf3 Qxe5 33.Rb7 Rc8 34.Qf7+ Kh8 35.Qf3 d4 36.Rb3 Qe1
37.Qd3 e5 38.c4 Qf2+ 39.Kb1 Qg1+ 40.Kb2 Qxg4 41.Qf3 Qxf3 42.Rxf3 Rxc4 43.Rf8+ Kh7
44.Re8 Rc5 45.Kb3 d3 46.a4 Rd5  0-1

[Event "86th ch-St Petersburg"]
[Site "St Petersburg RUS"]
[Date "2013.03.14"]
[Round "4.3"]
[White "Lobanov,Sergei"]
[Black "Kashtanov,R"]
[Result "1/2-1/2"]
[WhiteElo "2148"]
[BlackElo "2351"]

1.e4 e6 2.d4 d5 3.Nc3 Nf6 4.e5 Nfd7 5.f4 c5 6.Nf3 Nc6 7.Be3 cxd4 8.Nxd4 Bc5
9.Qd2 O-O 10.Be2 a6 11.O-O Nxd4 12.Bxd4 b5 13.Bxc5 Nxc5 14.Qd4 Qb6 15.a4 bxa4
16.Nxa4 Nxa4 17.Rxa4 Qxd4+ 18.Rxd4 Rb8 19.b3 Rb6 20.Ra1 Bb7 21.Rda4 Rc8 22.Bd3 h5
23.g3 Rc3 24.Kf2 Kf8 25.Ke3 g6 26.Kd4 Rcc6 27.R1a3 Ke7 28.c3 Kd8 29.b4 Kc8
30.Ra5 Kb8 31.Ra2 Kc8 32.Rg2 Rc7 33.Rg1 Rbc6 34.Rc1 Rb6 35.Rca1 Rcc6 36.h3 Kb8
37.R1a2 Rc7 38.Rc5 Rc8 39.Rxc8+ Kxc8 40.g4 hxg4 41.hxg4 Rc6 42.Rh2 Rc7 43.Rh6 Kb8
44.Rh7 Bc8 45.Rh6 Ka7 46.Be2 Bd7 47.Rh7 Be8 48.f5 gxf5 49.gxf5 exf5 50.Bf3 Rc4+
51.Kd3 Bb5 52.Kd2 d4 53.Rxf7+ Kb8 54.cxd4 Rxd4+ 55.Ke3 Rxb4 56.Rxf5 Kc7 57.Rf7+ Kb6
58.e6 Rb1 59.Kd4 Re1 60.Rb7+ Ka5 61.e7 Be8 62.Be4 Rd1+ 63.Kc5 Rd7 64.Rxd7 Bxd7
65.Bg6 Be8 66.Bd3 Bh5 67.Kc6 Bf7 68.Kc7 Kb4 69.Bxa6 Kc5 70.Kd7 Kd5 71.Bb5 Ke5
72.Kd8 Kd6 73.Be8 Bc4  1/2-1/2

[Event "TCh-CAT Div Hon 2013"]
[Site "Catalonia ESP"]
[Date "2013.03.16"]
[Round "9.1"]
[White "Alsina Leal,D"]
[Black "Narciso Dublan,M"]
[Result "1/2-1/2"]
[WhiteElo "2511"]
[BlackElo "2549"]

1.e4 e6 2.d4 d5 3.Nc3 Nf6 4.e5 Nfd7 5.f4 c5 6.Nf3 Nc6 7.Be3 cxd4 8.Nxd4 Bc5
9.Qd2 O-O 10.O-O-O a6 11.Nb3 b6 12.h4 Bb7 13.h5 Qe7 14.Rh3 Rad8 15.Nd4 f6
16.Rg3 Nxd4 17.Bxd4 fxe5 18.h6 g6 19.fxe5 Qh4 20.Rd3 Bxd4 21.Rxd4 Qh2 22.Be2 Nxe5
23.Kb1 Nf7 24.Bg4 e5 25.Rb4 Rd6 26.Bh3 d4 27.Na4 b5 28.Nc5 Bc8 29.Rb3 Qf4
30.Qb4 Qxh6 31.a4 bxa4 32.Qxa4 Bxh3 33.Rxh3 Qg7 34.Ne4 Rb6 35.Rb3 Rxb3 36.Qxb3 Kh8
37.Rf1 Nh6 38.Rxf8+ Qxf8 39.Qe6 Qf1+ 40.Ka2 Qf7 41.Qxf7 Nxf7 42.Kb3 Kg7 43.Kc4 Nh6
44.Nc5 a5 45.Nb7 a4 46.Nc5 Nf5 47.Nxa4 Ne3+ 48.Kd3 Kf6 49.c3 Nxg2 50.cxd4 h5
51.dxe5+ Kxe5 52.Ke2 Nf4+ 53.Kf3 Nd5 54.Nc5 g5 55.Nd3+ Kf5 56.b4 Nc3 57.Kg3 Nb5
58.Nf2 Nd4 59.Nd1 h4+ 60.Kh3 Kf4 61.Nf2 Kf3 62.Ng4 Ne2 63.Nh2+ Kf4 64.b5 Kf5
65.Kg2 Nf4+ 66.Kf3 Nd5 67.Ng4 Nb6 68.Ne3+ Kg6 69.Kg4 Nd7 70.Nd5 Ne5+ 71.Kh3 Kf5
72.b6 Nd7 73.b7 Ke5 74.Ne7 Kd6 75.Nf5+ Kc7 76.Nxh4  1/2-1/2

[Event "ch-CRO w 2013"]
[Site "Rijeka CRO"]
[Date "2013.03.16"]
[Round "9"]
[White "Deur,Z"]
[Black "Kruljac,P"]
[Result "1/2-1/2"]
[WhiteElo "2134"]
[BlackElo "2069"]

1.e4 e6 2.d4 d5 3.Nc3 Nf6 4.e5 Nfd7 5.f4 c5 6.Nf3 Nc6 7.Be3 a6 8.Qd2 b5 9.Ne2 b4
10.c3 Qb6 11.Ng3 g6 12.Be2 h5 13.h4 a5 14.O-O Ba6 15.Rfc1 Bxe2 16.Nxe2 c4  1/2-1/2

[Event "AICF KIIT Cup 2013"]
[Site "Bhubaneswar IND"]
[Date "2013.03.21"]
[Round "6"]
[White "Padmini,R"]
[Black "Paehtz,E"]
[Result "1/2-1/2"]
[WhiteElo "2316"]
[BlackElo "2487"]

1.e4 e6 2.d4 d5 3.Nc3 Nf6 4.e5 Nfd7 5.f4 c5 6.Nf3 Nc6 7.Be3 Qb6 8.Na4 Qa5+
9.c3 b6 10.a3 c4 11.Be2 Ba6 12.b4 cxb3 13.Qxb3 Bxe2 14.Kxe2 Qa6+ 15.Kf2 Na5
16.Qc2 Be7 17.Nb2 Rc8 18.a4 O-O 19.Bd2 Nc4 20.Nxc4 Qxc4 21.Qb2 a6 22.Rhc1 f6
23.Qa2 fxe5 24.Qxc4 Rxc4 25.fxe5 Rfc8 26.Ke2 Bd8 27.Ne1 Nf8 28.Nd3 Ng6 29.g3 R4c7
30.Rf1 Rf7 31.Nb4 Rxf1 32.Rxf1 a5 33.Nc2 Rc4 34.Ra1 Rc6 35.Kd3 h6 36.h4 Ne7
37.Ne3 h5 38.Rc1 Kf7 39.Rf1+ Kg8 40.Rc1 Kf7 41.Rf1+ Kg8 42.Bc1 g6 43.g4 hxg4
44.Nxg4 Nf5 45.Bg5 Rc8 46.Rb1 Bc7 47.Rc1 Bd8 48.Rb1 Bc7 49.Rc1 Bd8 50.Rb1 Bc7  1/2-1/2

[Event "3rd HD Bank Cup 2013"]
[Site "Ho Chi Minh City VIE"]
[Date "2013.03.23"]
[Round "8.23"]
[White "Xu,Xiangyu"]
[Black "Yu Lie"]
[Result "0-1"]
[WhiteElo "2034"]
[BlackElo "2380"]

1.e4 e6 2.Nc3 d5 3.d4 Nf6 4.e5 Nfd7 5.f4 c5 6.Nf3 Nc6 7.Be3 Qb6 8.a3 a6 9.Be2 cxd4
10.Nxd4 Bc5 11.Na4 Qa5+ 12.c3 Nxd4 13.b4 Qd8 14.cxd4 Be7 15.Bd3 O-O 16.Qh5 g6
17.Qf3 f6 18.Qh3 Nb6 19.Nxb6 Qxb6 20.Qh6 Rf7 21.O-O Bd7 22.Rf3 Bf8 23.Qh4 Bb5
24.Bb1 Rc8 25.exf6 Rc1+ 26.Kf2 Rf1+ 27.Kg3 Rxf3+ 28.Kxf3 Qd8 29.Ba2 Rxf6
30.Rc1 Kg7 31.Qg4 Bd6 32.h4 Bd7 33.Qg5 a5 34.Bb1 axb4 35.axb4 Qa8 36.Bd3 Qa3
37.Ke2 Qb2+ 38.Kf3 h6  0-1